<?xml version="1.0" encoding="UTF-8"?>
<record
    xmlns:xsi="http://www.w3.org/2001/XMLSchema-instance"
    xsi:schemaLocation="http://www.loc.gov/MARC21/slim http://www.loc.gov/standards/marcxml/schema/MARC21slim.xsd"
    xmlns="http://www.loc.gov/MARC21/slim">

  <leader>     nam a22     7a 4500</leader>
  <datafield tag="999" ind1=" " ind2=" ">
    <subfield code="c">30431</subfield>
    <subfield code="d">30431</subfield>
  </datafield>
  <controlfield tag="008">190628b        xxu||||| |||| 00| 0 eng d</controlfield>
  <datafield tag="020" ind1=" " ind2=" ">
    <subfield code="a">9789966103451</subfield>
  </datafield>
  <datafield tag="050" ind1=" " ind2=" ">
    <subfield code="a">BP 43 .J86 2016</subfield>
  </datafield>
  <datafield tag="100" ind1=" " ind2=" ">
    <subfield code="a">Juma Mishi Abdulrahman </subfield>
  </datafield>
  <datafield tag="245" ind1=" " ind2=" ">
    <subfield code="a">Crescent Islamic religious education :</subfield>
    <subfield code="b">for secondary schools students' book Three/ </subfield>
    <subfield code="c">Abdulrahman Mishi Juma...[et al.].</subfield>
  </datafield>
  <datafield tag="260" ind1=" " ind2=" ">
    <subfield code="a">Nairobi :</subfield>
    <subfield code="b">Kenya Literature Bureau,</subfield>
    <subfield code="c">2016</subfield>
  </datafield>
  <datafield tag="300" ind1=" " ind2=" ">
    <subfield code="a">vii,108 p. :</subfield>
    <subfield code="b">ill., maps  ;</subfield>
    <subfield code="c">25cm</subfield>
  </datafield>
  <datafield tag="650" ind1=" " ind2=" ">
    <subfield code="a">Islamic</subfield>
    <subfield code="x">Religion</subfield>
    <subfield code="y">Secondary Education</subfield>
    <subfield code="z">Kenya</subfield>
  </datafield>
  <datafield tag="942" ind1=" " ind2=" ">
    <subfield code="2">lcc</subfield>
    <subfield code="c">AFRICANA</subfield>
    <subfield code="h">BP43 .J86 2016</subfield>
  </datafield>
  <datafield tag="952" ind1=" " ind2=" ">
    <subfield code="0">0</subfield>
    <subfield code="1">0</subfield>
    <subfield code="2">lcc</subfield>
    <subfield code="4">0</subfield>
    <subfield code="7">0</subfield>
    <subfield code="a">MUC</subfield>
    <subfield code="b">MUC</subfield>
    <subfield code="c">AFR</subfield>
    <subfield code="d">2019-06-28</subfield>
    <subfield code="e">Purchase (UNES)</subfield>
    <subfield code="g">522.00</subfield>
    <subfield code="l">2</subfield>
    <subfield code="o">BP43 .J86 2016</subfield>
    <subfield code="p">39012</subfield>
    <subfield code="r">2019-11-04</subfield>
    <subfield code="s">2019-11-02</subfield>
    <subfield code="w">2019-06-28</subfield>
    <subfield code="y">AFRICANA</subfield>
  </datafield>
  <datafield tag="952" ind1=" " ind2=" ">
    <subfield code="0">0</subfield>
    <subfield code="1">0</subfield>
    <subfield code="2">lcc</subfield>
    <subfield code="4">0</subfield>
    <subfield code="7">0</subfield>
    <subfield code="a">MUC</subfield>
    <subfield code="b">MUC</subfield>
    <subfield code="c">AFR</subfield>
    <subfield code="d">2019-06-28</subfield>
    <subfield code="e">Purchase (UNES)</subfield>
    <subfield code="g">522.00</subfield>
    <subfield code="l">3</subfield>
    <subfield code="o">BP43 .J86 2016</subfield>
    <subfield code="p">39013</subfield>
    <subfield code="r">2021-12-03</subfield>
    <subfield code="s">2021-12-03</subfield>
    <subfield code="w">2019-06-28</subfield>
    <subfield code="y">AFRICANA</subfield>
  </datafield>
</record>
